00642cam a22002171 4500001001300000003000400013005001700017008004100034010001700075035002000092040001800112042001200130050002400142100001800166245009000184250001300274260004700287300002600334600004700360999001700407sa 66007469 DLC20260227112305.0890926s1960 io 000 0 ind  asa 66007469  a(OCoLC)23544430 aDLCcMiUdDLC apremarc00aBV1085.M75bF7 19601 aFransz, A. L.10aDr. John R. Mott,bpelopor pekabaran Indjil dan kesatuan Kristen [oleh] A. L. Fransz. aTjet. 2. a[Djakarta]bBadan Penerbit Kristenc[1960] a128 p.bport.c18 cm.10aMott, John R.q(John Raleigh),d1865-1955. c71211d71211